000
00248nam a22000977a 4500
005
20250901165437.0
008
210401b ||||| |||| 00| 0 eng d
050
_a
HD30.3 .B47 1979
245
_a
Practical communication
_c
BERGIN, FRANCIS J.
942
_2
lcc
999
_c
4086
_d
4086